| 000 | 01177nam a2200253 a 4500 | ||
|---|---|---|---|
| 001 | 78535 | ||
| 003 | BD-RjUL | ||
| 005 | 20211209083136.0 | ||
| 008 | 210930s1987 ii ||||| |||| 001 0 ben d | ||
| 035 | _a(BD-RjUL) 78761 | ||
| 040 |
_aBD-RjUL _bben _cBD-RjUL |
||
| 041 |
_aben _aeng |
||
| 082 |
_223 _a305.552 _bDEB 1987 |
||
| 100 |
_aদে, অমলেন্দু _9121806 |
||
| 245 | 1 | 0 |
_aবাঙালি বুদ্ধিজীবী ও বিচ্ছিন্নতাবাদ / _cঅমলেন্দু দে |
| 260 |
_aকলিকাতা : _bপশ্চিমবঙ্গ রাজ্য পুস্তক পর্ষদ, _c১৯৮৭ |
||
| 300 |
_a২৮২ পৃ. ; _c২২ সেমি. |
||
| 500 | _aপরিশিষ্ট ও নির্দেশিকা সংযুক্ত | ||
| 650 |
_aবুদ্ধিজীবী _xমনোভাব _zবাংলাদেশ _9122663 |
||
| 650 |
_aIntellectuals _xAttitudes _zBangladesh _9122664 |
||
| 650 |
_aবাংলা সাহিত্য _xউপলব্ধি _zবাংলাদেশ _9122665 |
||
| 650 |
_aBengali literature _xAppreciation _zBangladesh _9122666 |
||
| 942 |
_2ddc _cBK |
||
| 999 |
_c78535 _d78535 |
||